000 00250nam a2200097Ia 4500
005 20251222114355.0
008 251222s1900||||xx |||||||||||||| ||spa||
082 _aDVD0040/H31/2004/Ej.2
245 0 _aHarry Potter y el prisionero de Azkaban:
942 _cDVD
999 _c1385
_d1385